000
00288nam a22001337a 4500
008
180912b xxu||||| |||| 00| 0 eng d
020
_a
471162035
041
_a
eng
080
_a
311
100
_a
55
101
_a
STA
245
_a
Experimental Designs
_c
Cochran, W.G
942
_2
udc
_c
BK
999
_c
47723
_d
47723